LEADER 01920nam a2200385 a 4500 001 000000125159 003 CaOOAMICUS 005 20110429101940.0 008 110429t2010 sz aof 001 0 ger r 020 $z9783525543658 (Vandenhoeck & Ruprecht)* 020 $z978-3-7278-1681-9 (Academic Press Friburg)* 040 $aPUL$bita 041 0 $ager$aeng 082 04$a220.05 100 1 $aEl Hawary, Amr,$d1974-$0(OLS)http://pul/name/79139 245 10$aWortschöpfung :$bdie Memphitische Theologie und die Siegesstele des Pije, zwei Zeugen kultureller Reprasentation in der 25. Dynastie / $cAmr El Hawary. 260 $aFribourg :$bAcademic Press ;$aGöttingen :$bVandenhoeck & Ruprecht,$c©2010. 300 $aXII, 499, xxiv p., [1] c. di tav. ripieg. :$bill., fotogr. ;$c24 cm. 490 1 $aOrbis biblicus et orientalis ;$v243 500 $aInclude indice. 504 $aBibliografia: p. 460-485. 546 $a"Summary" in inglese. 651 4$aEgitto$xArte$xArcheologia.$0(OLS)http://pul/subject/36307 830 0$aOrbis biblicus et orientalis ;$v243.$0(OLS)http://pul/title/14045 850 $aPUL 852 $aPUL$W1$xSL Religione 3$y85$m220. 05 COLL 1.243$j144084$qDDC 21$B143141$CPULBib$Z2$F143141 $H115949 $82 941 1 $a9 983 0$aOBO. 996 $6020$z9783525543658 (Vandenhoeck & Ruprecht)*$9(OLS)http://pul/number/147008 996 $6020$z978-3-7278-1681-9 (Academic Press Friburg)*$9(OLS)http://pul/number/147009 996 $6082$a220.05$9(OLS)http://pul/classification/282 996 $6245$aWortschöpfung :$bdie Memphitische Theologie und die Siegesstele des Pije, zwei Zeugen kultureller Reprasentation in der 25. Dynastie / $9(OLS)http://pul/title/157785 996 $6260$aFribourg :$bAcademic Press$9(OLS)http://pul/publisher/75910 996 $6260$aGöttingen :$bVandenhoeck & Ruprecht$9(OLS)http://pul/publisher/47973 LEADER 01182nam a2200265 a 4500 001 000000144048 003 CaOOAMICUS 005 20150612105511.0 008 150612s1970 it u000 u ita r 040 $aPUL$bita 130 0 $aBiblia.$pN.T.$pIohannis I-II-III.$lItaliano.$0(OLS)http://pul/title/31679 245 10$aLettere di Giovanni /$cversione, introduzione, note di Benedetto Prete. 260 $aRoma :$bPaoline,$c1970. 300 $a137 p. ;$c18 cm 490 1 $aNuovissima versione della Bibbia dai testi originali ;$v45 630 04$aBiblia.$pN.T.$pIohannis epistolae$xCritica e interpretazione.$0(OLS)http://pul/subject/36387 700 1 $aPrete, Benedetto,$cO.P.$0(OLS)http://pul/name/23090 830 0$aNuovissima versione della Bibbia dai testi originali ;$v45.$0(OLS)http://pul/title/10489 850 $aPUL 852 $aPUL$W1$xDP1 Fondo S. Lanza$y121$m3 B 93.45$j166102$qFondi$B166604$CPULBib$Z2$F166604 $HLan506 $82 941 1 $a1 961 $aNota ms. di possesso: Sergio Lanza 996 $6245$aLettere di Giovanni$9(OLS)http://pul/title/167932 996 $6260$aRoma :$bPaoline$9(OLS)http://pul/publisher/50842